| 000 | 00496nam a22001817a 4500 | ||
|---|---|---|---|
| 999 |
_c192018 _d192018 |
||
| 005 | 20220909102402.0 | ||
| 010 | _aENG-134987 | ||
| 020 |
_a81317310 _c550.00 |
||
| 035 | _aEN-118519 | ||
| 037 | _bDBAD/PUB | ||
| 082 | _a291.268 | ||
| 100 | _aIyer, V.K. | ||
| 245 |
_aLibrary Information Technology/ _cV.K. Iyer |
||
| 260 |
_aDelhi _bRajat Publication _c1999 |
||
| 270 |
_a4/32, Geeta Colony _bDelhi _e110031 |
||
| 300 |
_a358p. _c22cm(hbk) |
||
| 942 |
_2ddc _cEN _h291.268 _mIYE |
||